MARC details
| 000 -LEADER |
| fixed length control field |
04106cam a22004218i 4500 |
| 001 - CONTROL NUMBER |
| control field |
21953509 |
| 003 - CONTROL NUMBER IDENTIFIER |
| control field |
CSPC |
| 005 - DATE AND TIME OF LATEST TRANSACTION |
| control field |
20250814112339.0 |
| 008 - FIXED-LENGTH DATA ELEMENTS--GENERAL INFORMATION |
| fixed length control field |
210322s2022 nju 000 0 eng |
| 010 ## - LIBRARY OF CONGRESS CONTROL NUMBER |
| LC control number |
2021010951 |
| 020 ## - INTERNATIONAL STANDARD BOOK NUMBER |
| International Standard Book Number |
9781119585749 |
| Qualifying information |
(cloth : |
| -- |
acid-free paper) |
| 035 ## - SYSTEM CONTROL NUMBER |
| System control number |
21953509 |
| 040 ## - CATALOGING SOURCE |
| Original cataloging agency |
DLC |
| Language of cataloging |
eng |
| Description conventions |
rda |
| Transcribing agency |
DLC |
| Modifying agency |
DLC |
| -- |
CSPC |
| 042 ## - AUTHENTICATION CODE |
| Authentication code |
pcc |
| 050 00 - LIBRARY OF CONGRESS CALL NUMBER |
| Classification number |
TH7222 |
| Item number |
.L33 2022 |
| 082 00 - DEWEY DECIMAL CLASSIFICATION NUMBER |
| Classification number |
697 |
| Item number |
L495h |
| Edition number |
23 |
| 100 1# - MAIN ENTRY--PERSONAL NAME |
| Personal name |
Lechner, Norbert, |
| Relator term |
author. |
| 245 10 - TITLE STATEMENT |
| Title |
Heating, cooling, lighting : |
| Remainder of title |
sustainable design strategies towards net zero architecture / |
| Statement of responsibility, etc. |
Norbert M. Lechner and Patricia Andrasik. |
| 250 ## - EDITION STATEMENT |
| Edition statement |
Fifth edition. |
| 263 ## - PROJECTED PUBLICATION DATE |
| Projected publication date |
2106 |
| 264 #1 - PRODUCTION, PUBLICATION, DISTRIBUTION, MANUFACTURE, AND COPYRIGHT NOTICE |
| Place of production, publication, distribution, manufacture |
Hoboken, New Jersey : |
| Name of producer, publisher, distributor, manufacturer |
John Wiley & Sons, Inc., |
| Date of production, publication, distribution, manufacture, or copyright notice |
2022. |
| 300 ## - PHYSICAL DESCRIPTION |
| Extent |
xix, 807 pages : |
| Other physical details |
illustrations ; |
| Dimensions |
28 cm. |
| 336 ## - CONTENT TYPE |
| Content type term |
text |
| Content type code |
txt |
| Source |
rdacontent |
| 337 ## - MEDIA TYPE |
| Media type term |
unmediated |
| Media type code |
n |
| Source |
rdamedia |
| 338 ## - CARRIER TYPE |
| Carrier type term |
volume |
| Carrier type code |
nc |
| Source |
rdacarrier |
| 504 ## - BIBLIOGRAPHY, ETC. NOTE |
| Bibliography, etc. note |
Includes bibliographical references and index. |
| 505 0# - FORMATTED CONTENTS NOTE |
| Formatted contents note |
Part I. Fundamentals -- Background: architecture in a warming world -- Climate change: the key sustainability issue -- Basic principles: the physics of heat flow for heating and cooling buildings -- Climate: its significant impact on buildings -- Psychometrics: thermal comfort -- Solar geometry: the most powerful element of design -- Part II. Passive design strategies -- Passive heating systems: the solar potential of natural heating -- Solar rejection: shading and light colors -- Passive cooling: natural cooling, raising the comfort zone, and heat avoidance -- Site analysis: orientation, landscape and context in net-zero design -- Light: color, vision, and perception -- Daylighting: architectural control for natural beauty, comfort, and energy reduction -- The thermal envelope: keeping warm and staying cool -- Retrofits: energy efficiency upgrades for existing buildings -- Tropical architecture: not your temperate architecture -- Part III. Active design strategies -- Electric lighting: to complement daylight and at night -- Photovoltaics and solar thermal -- Mechanical equipment for heating and cooling -- Part IV. Integrated design -- Synergies: when the whole is greater than the sum of the parts -- Integrated design process -- Part V. Codes -- Checklist for designing net-zero buildings -- Assessment -- Digital. |
| 520 ## - SUMMARY, ETC. |
| Summary, etc. |
"Heating, Cooling, Lighting, the leading guide to environmental control systems design for over 25 years, provides future architects and practicing professionals with the knowledge and tools needed to design a sustainable built environment at the schematic design stage. This book treats heating, cooling, and lighting not as isolated topics, but as integrated parts towards manipulating the environment to achieve net zero consumption. Responding to current industry trends, this Fifth Edition has been completely restructured based on net zero design strategies. Reflecting the latest developments in codes, standards, and rating systems for energy efficiency, this Fifth Edition includes three new chapters: Retrofits - best practices for efficient energy optimization in existing buildings, Integrated Design - strategies for synergizing passive and active design, and Design Tools - how to utilize the best tools to benchmark a building's sustainability and net zero potential; as well as an extensively updated Lighting chapter. Instructor's have access to an Instructor's Manual that includes exercises, projects, discussion questions, and web resources"-- |
| Assigning source |
Provided by publisher. |
| 650 #0 - SUBJECT ADDED ENTRY--TOPICAL TERM |
| Topical term or geographic name entry element |
Heating. |
| 650 #0 - SUBJECT ADDED ENTRY--TOPICAL TERM |
| Topical term or geographic name entry element |
Air conditioning. |
| 650 #0 - SUBJECT ADDED ENTRY--TOPICAL TERM |
| Topical term or geographic name entry element |
Lighting. |
| 700 1# - ADDED ENTRY--PERSONAL NAME |
| Personal name |
Andrasik, Patricia, |
| Relator term |
author. |
| 776 08 - ADDITIONAL PHYSICAL FORM ENTRY |
| Relationship information |
Online version: |
| Main entry heading |
Lechner, Norbert. |
| Title |
Heating, cooling, lighting |
| Edition |
5th edition. |
| Place, publisher, and date of publication |
Hoboken, NJ : John Wiley & Sons, 2021 |
| International Standard Book Number |
9781119585800 |
| Record control number |
(DLC) 2021010952 |
| 906 ## - LOCAL DATA ELEMENT F, LDF (RLIN) |
| a |
7 |
| b |
rip |
| c |
orignew |
| d |
1 |
| e |
ecip |
| f |
20 |
| g |
y-gencatlg |
| 942 ## - ADDED ENTRY ELEMENTS (KOHA) |
| Source of classification or shelving scheme |
Dewey Decimal Classification |
| Koha item type |
Books |
| Edition |
23 |
| Classification part |
697 |
| Item part |
L495h |
| Call number prefix |
ENG |
| Call number suffix |
2022 |
| Suppress in OPAC |
No |